Nanoscale and microscale phenomena : (Record no. 597704)
[ view plain ]
| 000 -LEADER | |
|---|---|
| fixed length control field | 00239nam a2200097Ia 4500 |
| 008 - FIXED-LENGTH DATA ELEMENTS--GENERAL INFORMATION | |
| fixed length control field | 230907s9999||||xx |||||||||||||| ||und|| |
| 082 ## - DEWEY DECIMAL CLASSIFICATION NUMBER | |
| Classification number | 620.106,NAN |
| 245 #0 - TITLE STATEMENT | |
| Title | Nanoscale and microscale phenomena : |
| 300 ## - PHYSICAL DESCRIPTION | |
| Extent | xiv, 379 p.: |
| 942 ## - ADDED ENTRY ELEMENTS (KOHA) | |
| Koha item type | Book |
| Withdrawn status | Lost status | Damaged status | Not for loan | Permanent Location | Current Location | Date acquired | Total Checkouts | Full call number | Barcode | Date last seen | Price effective from | Koha item type |
|---|---|---|---|---|---|---|---|---|---|---|---|---|
| US-Pakistan Center for Advanced Studies in Energy (USPCAS-E) | US-Pakistan Center for Advanced Studies in Energy (USPCAS-E) | 04/03/2018 | 620.106,NAN | CAS-E0001803 | 09/12/2023 | 09/12/2023 | Book |
